| 000 | 01065cam a22002651i 4500 | ||
|---|---|---|---|
| 003 | SA-RiAUC | ||
| 005 | 20241009084731.0 | ||
| 008 | 241006s1986 su g f00000 ara c | ||
| 040 |
_aSA-RiAUC _bara _cSA-RiAUC _erda |
||
| 043 | _aa-su--- | ||
| 050 | 4 | _b.A28 1986 | |
| 082 | 0 | 4 |
_a810.9 _qSA-RiAUC |
| 090 |
_a810.9 _bا ب و د |
||
| 100 | 1 |
_aأبو داهش، عبد الله محمد حسين، _d1370 هجري- _eمؤلف. |
|
| 245 | 1 | 2 |
_aالحياة الفكرية والأدبية في جنوبي البلاد السعودية / _cتأليف عبد الله محمد حسين أبو داهش. |
| 250 | _aالطبعة الثانية. | ||
| 264 | 1 |
_aأبها، السعودية : _bنادي أبها الأدبي، _c1986 |
|
| 300 |
_a415 صفحة ؛ _c25 سم |
||
| 336 |
_aنص _btxt _2rdacontent _3كتاب |
||
| 337 |
_aبدون وسيط _bn _2rdamedia |
||
| 338 |
_aمجلد _bnc _2rdacarrier |
||
| 650 | 7 |
_aالشعر العربي _xتاريخ ونقد _yقرن 20 _2aucsh |
|
| 942 |
_2ddc _cBOOK _n0 |
||
| 949 |
_aSA-JeALM _d241006 _umohamedma123 _n1 |
||
| 999 |
_c1067 _d1067 |
||